00548nam a2200169Ia 4500001001000000003000500010008004100015010001100056040000900067100003400076245012600110260003300236300001000269502004400279650002700323650002800350Para_5676CHAP220125s1983 xx 000 0 und d a204106 cCHAP aArredondo Rodríguez, Carlos aFactores involucrados en la pudrición de mazorca en el área de Salvatierra Gto. /c por Carlos Arredondo Rodríguez aIrapuato, Gto. :b el autor a41 p. aTesis (Ing. Agr. Fitotecnia) UG. (Gto.) aMaíz x enfermedades aPudrición del maíz